Normal view
MARC view
- Michal Maher Sticknay & Roman L.Well
Entry Personal Name
001 - CONTROL NUMBER
- control field: 3630
003 - CONTROL NUMBER IDENTIFIER
- control field: OSt
005 - DATE AND TIME OF LATEST TRANSACTION
- control field: 20201015122338.0
008 - FIXED-LENGTH DATA ELEMENTS
- fixed length control field: 201015|| aca||aabn | a|a d
040 ## - CATALOGING SOURCE
- Original cataloging agency: OSt
- Transcribing agency: OSt
100 ## - HEADING--PERSONAL NAME
- Personal name: Michal Maher Sticknay & Roman L.Well
670 ## - SOURCE DATA FOUND
- Source citation: Work cat.: (OSt)1164: Michal Maher Sticknay & Roman L.Well, Managerial Accounting an Introduction To Concepts Meth-, c1997
